[Event "Donskoj 07"]
[Site "Donskoj"]
[Date "2018.07.23"]
[Round "6"]
[White "Gusev, Aleksey"]
[Black "Kozlov, Mikhail P"]
[Result "1-0"]
[WhiteElo "2370"]
[BlackElo "2097"]
[PlyCount "81"]
[EventDate "2018.07.20"]
[EventType "tourn"]
[EventRounds "9"]
[EventCountry "RUS"]
[EventCategory "2"]
[SourceTitle "CBM 186 Extra"]
[Source "ChessBase"]
[SourceDate "2018.08.24"]
[SourceVersion "1"]
[SourceVersionDate "2018.08.24"]
[SourceQuality "1"]

1. e4 c5 2. d4 cxd4 3. c3 d5 4. exd5 Nf6 5. Qa4+ Nbd7 6. Qxd4 Nb6 7. d6 e6 8. Bb5+ Bd7 9. Na3 Bc6 10. Bxc6+ bxc6 11. Bf4 Nfd5 12. Bg3 f6 13. c4 Nb4 14. Rd1 Nd7 15. Ne2 e5 16. Qg4 Nc5 17. d7+ Kf7 18. 0-0 h5 19. Qf3 Nxd7 20. Qf5 Ke8 21. Nf4 Qc7 22. Ng6 h4 23. Qe6+ Kd8 24. Nxh8 hxg3 25. Nf7+ Kc8 26. Qe8+ Kb7 27. Qxd7 gxf2+ 28. Kxf2 Bc5+ 29. Ke2 Kb6 30. Nd8 Qxd7 31. Rxd7 Bd4 32. Rb7+ Ka5 33. Rxb4 Kxb4 34. Nxc6+ Kc5 35. Nxd4 Kxd4 36. Rd1+ Ke4 37. Rd7 g5 38. Nb5 Rh8 39. h3 Kf4 40. Kf2 e4 41. g3+ 1-0

[Event "Odoev-ch"]
[Site "Odoev"]
[Date "2018.05.28"]
[Round "1"]
[White "Gusev, Aleksey"]
[Black "Sakhnenko, Ivan"]
[Result "1-0"]
[WhiteElo "2367"]
[BlackElo "2126"]
[PlyCount "87"]
[EventDate "2018.05.28"]
[EventType "swiss"]
[EventRounds "9"]
[EventCountry "RUS"]
[SourceTitle "EXT 2019"]
[Source "ChessBase"]
[SourceDate "2018.10.10"]
[SourceVersion "1"]
[SourceVersionDate "2018.10.10"]
[SourceQuality "1"]

1. d4 Nf6 2. c4 g6 3. Nc3 Bg7 4. e4 0-0 5. f3 d6 6. Be3 Nc6 7. Qd2 a6 8. Nge2 Na5 9. Nc1 e5 10. d5 c5 11. a3 b6 12. b4 cxb4 13. axb4 Nb7 14. Na4 Nd7 15. Qf2 b5 16. Nb6 Rb8 17. Nxd7 Qxd7 18. c5 dxc5 19. bxc5 Nd8 20. Nb3 f5 21. c6 Nxc6 22. dxc6 Qxc6 23. Nc5 fxe4 24. Nxe4 Bf5 25. Nc5 Ra8 26. Rc1 Qe8 27. Qa2+ Kh8 28. Qb3 Qe7 29. Be2 Qh4+ 30. g3 Qe7 31. g4 Bc8 32. 0-0 h5 33. h3 Re8 34. Bd3 Qf6 35. Ne4 Qe7 36. Bg5 Qa7+ 37. Kg2 Be6 38. Qb1 Qb6 39. Nc5 Bf7 40. Be4 Rac8 41. Nb7 a5 42. Rfd1 Rxc1 43. Qxc1 Be6 44. Nd6 1-0

[Event "Tula"]
[Site "Tula"]
[Date "2018.04.14"]
[Round "10"]
[White "Domogaev, Sergey"]
[Black "Gusev, Aleksey"]
[Result "1/2-1/2"]
[WhiteElo "2398"]
[BlackElo "2368"]
[PlyCount "23"]
[EventDate "2018.04.09"]
[EventType "tourn"]
[EventRounds "13"]
[EventCountry "RUS"]
[EventCategory "2"]
[SourceTitle "CBM 184 Extra"]
[Source "ChessBase"]
[SourceDate "2018.06.28"]
[SourceVersion "1"]
[SourceVersionDate "2018.06.28"]
[SourceQuality "1"]

1. d4 d5 2. c4 c6 3. Nf3 Nf6 4. Bf4 Bf5 5. e3 e6 6. Nc3 dxc4 7. Bxc4 Bd6 8. Bxd6 Qxd6 9. Bd3 Bxd3 10. Qxd3 Nbd7 11. 0-0 0-0 12. e4 1/2-1/2

[Event "Efremov Pechenov Memorial"]
[Site "Efremov"]
[Date "2017.04.27"]
[Round "9"]
[White "Domogaev, Sergey"]
[Black "Gusev, Aleksey"]
[Result "1/2-1/2"]
[WhiteElo "2455"]
[BlackElo "2400"]
[PlyCount "62"]
[EventDate "2017.04.22"]
[EventType "tourn"]
[EventRounds "13"]
[EventCountry "RUS"]
[EventCategory "2"]
[SourceTitle "CBM 178 Extra"]
[Source "ChessBase"]
[SourceDate "2017.06.22"]
[SourceVersion "1"]
[SourceVersionDate "2017.06.22"]
[SourceQuality "1"]

1. d4 Nf6 2. c4 e6 3. Nc3 Bb4 4. Qc2 0-0 5. Nf3 d6 6. a3 Bxc3+ 7. Qxc3 Nc6 8. Bg5 h6 9. Bxf6 Qxf6 10. e3 e5 11. Be2 exd4 12. Nxd4 Re8 13. Nxc6 Qxc3+ 14. bxc3 bxc6 15. Bf3 Rb8 16. Bxc6 Re7 17. 0-0 Bf5 18. a4 Bd3 19. Rfd1 Bxc4 20. Rd4 Be6 21. Rb4 Rb6 22. Rxb6 axb6 23. a5 bxa5 24. Rxa5 f5 25. f3 Kf7 26. Kf2 Kf6 27. Ra4 g5 28. h4 Bf7 29. hxg5+ hxg5 30. f4 gxf4 31. exf4 Be8 1/2-1/2

[Event "Efremov Pechenov Memorial"]
[Site "Efremov"]
[Date "2017.04.26"]
[Round "8"]
[White "Gusev, Aleksey"]
[Black "Biriukov, Alexander"]
[Result "1-0"]
[WhiteElo "2400"]
[BlackElo "2218"]
[PlyCount "91"]
[EventDate "2017.04.22"]
[EventType "tourn"]
[EventRounds "13"]
[EventCountry "RUS"]
[EventCategory "2"]
[SourceTitle "CBM 178 Extra"]
[Source "ChessBase"]
[SourceDate "2017.06.22"]
[SourceVersion "1"]
[SourceVersionDate "2017.06.22"]
[SourceQuality "1"]

1. e4 e5 2. Nf3 Nf6 3. Nc3 Nc6 4. d4 exd4 5. Nxd4 Bb4 6. Nxc6 bxc6 7. Bd3 d5 8. exd5 cxd5 9. 0-0 0-0 10. Bg5 c6 11. Na4 h6 12. Bh4 Re8 13. c3 Bf8 14. Re1 Rxe1+ 15. Qxe1 Qa5 16. Bc2 Ne4 17. f3 Nd6 18. g4 Bd7 19. b4 Qc7 20. Bg3 a5 21. Nc5 g6 22. a4 Re8 23. Qf2 Bc8 24. Re1 Rxe1+ 25. Qxe1 Qd8 26. Kg2 Nc4 27. Bd3 Nb2 28. Bc2 Nc4 29. Bf2 Bg7 30. b5 cxb5 31. axb5 h5 32. h3 hxg4 33. hxg4 Bd7 34. Nxd7 Qxd7 35. b6 Be5 36. Bd3 Bb8 37. Bd4 Kf8 38. Qh4 Qd6 39. b7 Ke8 40. Bxc4 dxc4 41. Qh8+ Qf8 42. Qe5+ Bxe5 43. Bxe5 Kd7 44. b8Q Qxb8 45. Bxb8 a4 46. Bf4 1-0

[Event "Efremov Pechenov Memorial"]
[Site "Efremov"]
[Date "2017.04.25"]
[Round "6"]
[White "Gusev, Aleksey"]
[Black "Aliakbarov, Anar Samir Oglu"]
[Result "1/2-1/2"]
[WhiteElo "2400"]
[BlackElo "2328"]
[PlyCount "46"]
[EventDate "2017.04.22"]
[EventType "tourn"]
[EventRounds "13"]
[EventCountry "RUS"]
[EventCategory "2"]
[SourceTitle "CBM 178 Extra"]
[Source "ChessBase"]
[SourceDate "2017.06.22"]
[SourceVersion "1"]
[SourceVersionDate "2017.06.22"]
[SourceQuality "1"]

1. e4 c5 2. Nf3 e6 3. d4 cxd4 4. Nxd4 Nf6 5. Nc3 Nc6 6. Ndb5 Bb4 7. a3 Bxc3+ 8. Nxc3 d5 9. exd5 Nxd5 10. Nxd5 exd5 11. Bd3 Qe7+ 12. Qe2 Qxe2+ 13. Kxe2 Ne5 14. Bf4 Nxd3 15. Kxd3 Bf5+ 16. Kd2 f6 17. Rhe1+ Kf7 18. c3 Rad8 19. Be3 a6 20. a4 Rhe8 21. Bc5 Rxe1 22. Rxe1 Re8 23. Rxe8 Kxe8 1/2-1/2

[Event "Dubna Suetin Memorial"]
[Site "Dubna"]
[Date "2016.11.19"]
[Round "5"]
[White "Gusev, Aleksey"]
[Black "Fernandez, Daniel"]
[Result "0-1"]
[WhiteElo "2398"]
[BlackElo "2451"]
[PlyCount "230"]
[EventDate "2016.11.16"]
[EventType "tourn"]
[EventRounds "13"]
[EventCountry "RUS"]
[EventCategory "5"]
[SourceTitle "CBM 175 Extra"]
[Source "ChessBase"]
[SourceDate "2016.12.12"]
[SourceVersion "1"]
[SourceVersionDate "2016.12.12"]
[SourceQuality "1"]

1. e4 c6 2. d4 d5 3. Nc3 dxe4 4. Nxe4 Bf5 5. Ng3 Bg6 6. h4 h6 7. h5 Bh7 8. Nf3 Nd7 9. Bc4 e6 10. Qe2 Ngf6 11. Bf4 Nd5 12. Bd2 Bxc2 13. Bxh6 Rxh6 14. Qxc2 Qa5+ 15. Kf1 0-0-0 16. Qd2 Qxd2 17. Nxd2 Nf4 18. Nf3 Nf6 19. Rd1 N6xh5 20. Nxh5 Nxh5 21. Rh2 Kd7 22. g3 Nf6 23. Rxh6 gxh6 24. Ke2 Bd6 25. Bd3 Ke7 26. Rh1 h5 27. Rh4 Bc7 28. Bc2 Rd5 29. a4 Bb6 30. Bb3 Rd7 31. Bc2 Rd6 32. Bd1 Rd8 33. Bb3 Rg8 34. Ne5 Rg5 35. Nc4 Bc7 36. Nd2 Rf5 37. Nf3 Bd8 38. Rh1 Ba5 39. Rh4 Bc7 40. Nd2 Rg5 41. Bc4 Bb6 42. Bb3 Rg8 43. Bc2 Re8 44. Nf3 Rh8 45. Ne5 Rd8 46. Nf3 Bc7 47. Ne5 a6 48. Nf3 Bb6 49. b4 Nd5 50. b5 axb5 51. axb5 cxb5 52. Rxh5 Ra8 53. Bb3 Nc3+ 54. Kd3 b4 55. Rh7 Ra3 56. Kc2 Ne2 57. Rh4 Nc1 58. Kxc1 Rxb3 59. Ne5 Ra3 60. Kb1 Ba7 61. Kb2 Rc3 62. Rf4 f5 63. Nf3 b5 64. Ne1 Kf6 65. Rh4 Bb6 66. Rf4 Bc7 67. Rh4 Kg7 68. g4 Bd8 69. Rh1 f4 70. Nc2 Rf3 71. Rh2 Bf6 72. g5 Bxg5 73. Nxb4 Kg6 74. Kc2 Bf6 75. d5 Rc3+ 76. Kd2 Rc4 77. Nd3 exd5 78. f3 b4 79. Rh1 Kg5 80. Rb1 Kf5 81. Rb3 Bc3+ 82. Kc2 Bd4+ 83. Kd1 Rc3 84. Rxc3 bxc3 85. Kc2 Bh8 86. Nb4 d4 87. Nd3 Kg5 88. Nc1 Kh4 89. Ne2 Kh3 90. Nxf4+ Kg3 91. Ne2+ Kxf3 92. Nc1 Ke3 93. Nd3 Bg7 94. Nc5 Be5 95. Nd3 Bg3 96. Nc5 Bd6 97. Nd3 Ke2 98. Nc1+ Ke1 99. Nd3+ Kf1 100. Nc1 Be5 101. Nd3 Bg7 102. Nc5 Ke2 103. Nd3 Bh6 104. Nb4 Kf2 105. Kd3 Bg7 106. Kc2 Bf6 107. Kd3 Be5 108. Kc2 Ke2 109. Nd3 Bf6 110. Nf4+ Kf2 111. Nd5 Be5 112. Kd3 Kf3 113. Nb4 Bg7 114. Nc2 Bf6 115. Nxd4+ Bxd4 0-1